Организация и планирование производства на предприятиях горной промышленности: учебное пособие

Бібліографічні деталі
Інші автори: Науменко К. Д. Константин Денисович (редактор)
Мова:Російська
Опубліковано: Москва, Недра, 1968
Предмети:
Формат: MixedMaterials Книга
KOHA link:https://koha.lib.tpu.ru/cgi-bin/koha/opac-detail.pl?biblionumber=36597

MARC

LEADER 00000nam0a2200000 4500
001 36597
005 20231031002120.0
035 |a (RuTPU)RU\TPU\book\37073 
035 |a BOOK00003725 
090 |a 36597 
100 |a 20011210d1968 m y0rusy50 ca 
101 0 |a rus 
102 |a RU 
105 |a a j 000zy 
200 1 |a Организация и планирование производства на предприятиях горной промышленности  |e учебное пособие  |f К. Д. Науменко 
210 |a Москва  |c Недра  |d 1968 
215 |a 460 с. 
610 1 |a горная промышленность 
610 1 |a предприятия 
610 1 |a производство 
610 1 |a организация 
610 1 |a планирование 
610 1 |a теория 
610 1 |a учебные пособия 
675 |a 622:658.5(075.8)  |v 3 
702 1 |a Науменко  |b К. Д.  |g Константин Денисович  |4 340 
801 0 |a RU  |b 63413507  |c 20011210  |g PSBO 
801 2 |a RU  |b 63413507  |c 20221012  |g RCR 
900 |a Организация и планирование производства. Основы менеджмента 
942 |c BK